00209nam a2200085Ia 450000100070000000500170000700800410002424500310006526000270009685169620250826174500.0250824s9999 xx 000 0 und d 0aEFSANE TUTSAKcJACK SAILOR bGENÇ HAYAT YAYINLARI